HK Nitra Current Squad - Statistics

General Stats
  • This quiz has been taken 10 times
  • The average score is 13 of 33
Answer Stats
Position Answer % Correct
Goalkeeper Libor Kašík
100%
Forward Sebastián Čederle
100%
Defence Branislav Mezei
80%
Forward Samuel Buček
80%
Forward Tomáš Hrnka
80%
Forward Dávid Okoličány
60%
Forward Jakub Lacka
60%
Defence Matej Bača
60%
Forward Robert Lockwood Jackson
60%
Forward Tomáš Pobežal
60%
Forward Adam Nemec
40%
Defence Alex Cotton
40%
Forward Filip Bajtek
40%
Forward Hugo Kováč
40%
Forward Josh Passolt
40%
Forward Karol Csányi
40%
Defence Luke Green
40%
Defence Marko Stacha
40%
Defence Martin Vitaloš
40%
Forward Miloš Bubela
40%
Defence Samuel Hain
40%
Defence Adam Kalman
20%
Goalkeeper Erik Šebo
20%
Forward Jaedon Descheneau
20%
Defence Matúš Lisý
20%
Forward Sahir Gill
20%
Goalkeeper Sami Aittokallio
20%
Forward Tomáš Chrenko
20%
Forward Anthony Camara
0%
Forward Austin Alger
0%
Forward Brett Ritchie
0%
Defence Mark Auk
0%
Defence Oliver Fatul
0%
No matching quizzes found
Score Distribution
Percent of People with Each Score
Percentile by Number Answered
Your Score History
You have not taken this quiz